000 03708nam a2200589 a 4500
999 _c1832
_d1832
003 AR-BaISA
005 20250618121624.0
007 ta
008 250617s2000 sp ad||f |||| 001 0 spa d
020 _a844580829X
040 _bspa
_cAR-BaISA
082 0 4 _222
_a618.89 K156
245 1 0 _aCalidad de vida en la trastornos mentales /
_cHeinz Katschnig, Hugh Freeman, Norman Sartorius (Directores)
260 _aBarcelona:
_bMasson,
_c2000
300 _aXV, 375 p.:
_bil., graf.
504 _aBibliografía al final de cada capítulo
504 _aÍndice p.: 365-375
505 _tINTRODUCCIÓN:
505 _rH. Katschnig /
_tUtilidad del concepto de calidad de vida en psiquiatría --
505 _tASPECTOS CONCEPTUALES:
505 _rM. C. Angermeyer y R. Kilian /
_tModelos teóricos de calidad vida en los trastornos mentales --
505 _rM. M. Barry /
_tBienestar y satisfacción en la vida en los trastornos mentales /
505 _rD. Wiersma /
_tDesempeño del rol como componente de calidad de vida en los trastornos /
505 _rH. L. Freeman /
_tNivel de vida y factores ambientales como componentes de calidad de vida en los trastornos mentales --
505 _rA. Finzen y U. Hoffmann-Richter /
_tEstigmas y calidad de vida en los trastornos mentales /
505 _tVALORACIÓN Y MEDICIÓN:
505 _rA. F. Lehman /
_tInstrumentos para medir la calidad de vida en los trastornos mentales --
505 _rD. Q. C. M. Barge-Schaapveld, N. A. Nicolson, P. A. E. G. Delespaul y M. W. de Vries /
_tEvaluación de calidad de vida diaria con el método del muestreo de experiencias --
505 _rJ. E. Mezzich y M. M. Schmolke /
_tCalidad de vida y diagnóstico clínico compresivo --
505 _rM. Becker y R. Diamond /
_tNuevos avances en la medición de la calidad de vida en la esquizofrenia --
505 _tCALIDAD DE VIDA EN TRASTORNOS MENTALES ESPECÍFICOS:
505 _rH. Katschnig y M. C. Angermeyer /
_tCalidad de vida en la depresión --
505 _rF. R. Schneier /
_tCalidad de vida en los trastornos de ansiedad --
505 _rJ. Bobes y M. P. González /
_tCalidad de vida en la esquizofrenia --
505 _rK. Schmeck y F. Poustka /
_tCalidad de vida y trastornos psiquiátricos del niño --
505 _rB. Gurland y S. Katz /
_tCalidad de vida y trastornos mentales de los ancianos --
505 _tASPECTOS DEL TRATAMIENTO:
505 _rM. C. Angermeyer y H. Katschnig /
_tMedicación psicótropa y calidad de vida: un marco conceptual para valorar su relación --
505 _rG. Lenz y U. Demal /
_tPsicoterapia y calidad de vida --
505 _rJ. Leff /
_tEn definitiva, ¿de quién es la vida? Calidad de vida de los pacientes crónicos dados de alta de hospitales --
505 _rM. D. Simon /
_tCalidad de vida de los familiares de los enfermos mentales /
505 _rP. Stastny y M. Amering /
_tIntegración de las perspectivas del consumidor sobre calidad de vida en la investigación y la planificación de servicios /
505 _rR. Kilian /
_tCalidad de vida del personal de los servicios --
505 _tPOLÍTICA Y PLANIFICACIÓN:
505 _rL. Salvador-Carulla /
_tMedición de la calidad de vida en el análisis de costes: controversias y usos en salud mental --
505 _rD. Mechanic /
_tOrganización de la asistencia y calidad de vida de personas con enfermedades mentales graves y persistentes --
505 _rN. Sartorius /
_tCalidad de vida y trastornos mentales: perspectiva global
700 _93761
_aKatschnig, Heinz
_edir.
700 _93762
_aFreeman, Hugh
700 _93763
_aFreeman, Norman
942 _2ddc
_cLI
_e22